[Event "TUR-ALG Friendship m 2012"]
[Site "Ankara TUR"]
[Date "2012.05.12"]
[Round "1"]
[White "Dastan,B"]
[Black "Oussedik,Mahfoud"]
[Result "1-0"]
[WhiteElo "2272"]
[BlackElo "2271"]

1.e4 g6 2.d4 Bg7 3.Nc3 d6 4.h3 b6 5.Nf3 Bb7 6.Bc4 Nf6 7.e5 dxe5 8.Nxe5 O-O
9.O-O c5 10.dxc5 Qc7 11.Qe2 Nc6 12.Nf3 Na5 13.Bb5 Qxc5 14.Be3 Qb4 15.Rab1 Nd5
16.a3 Nxc3 17.axb4 Nxe2+ 18.Bxe2 Nc6 19.c3 e5 20.Rfd1 Rfd8 21.Rxd8+ Rxd8
22.Ra1 Rd7 23.b5 Na5 24.b4 e4 25.Nd4 Bxd4 26.cxd4 Nb3 27.Rxa7 Kf8 28.d5 Ke8
29.Bc4 Bxd5 30.Rxd7 Bxc4 31.Rd6 Bxb5 32.Rxb6 Bc4 33.Rc6 Bd3 34.Rc7 Na1 35.Bc5 Nb3
36.Re7+ Kf8 37.Ra7+ Ke8 38.Be3 Bc4 39.Ra3 Kd7 40.b5 Kd6 41.b6 g5 42.Ra8  1-0

[Event "Asian Continental 2012"]
[Site "Ho Chi Minh City VIE"]
[Date "2012.05.12"]
[Round "8.34"]
[White "Tan Weiliang"]
[Black "Tran Tuan Minh"]
[Result "0-1"]
[WhiteElo "2222"]
[BlackElo "2266"]

1.e4 g6 2.d4 Bg7 3.Nc3 d6 4.Be3 Nf6 5.f3 c6 6.a4 Nbd7 7.Qd2 h5 8.Bc4 e6 9.Bb3 d5
10.e5 Ng8 11.Nce2 c5 12.c3 Ne7 13.f4 b6 14.Bc2 Ba6 15.Nf3 cxd4 16.Nexd4 Nf5
17.Ng5 Nxd4 18.Bxd4 Qe7 19.a5 O-O 20.Qe3 Rfb8 21.axb6 axb6 22.Kf2 Bb5 23.h4 Nf8
24.Bxb6 Bc4 25.b4 Qb7 26.Bd4 Ra6 27.Bd3 Rba8 28.Rxa6 Qxa6 29.Bxc4 Qxc4 30.Rd1 Nd7
31.Qe2 Qc6 32.Rd2 Qa4 33.Rb2 Bf8 34.Nf3 Be7 35.Qc2 Qa6 36.Qe2 Qa4 37.Kg3 Bd8
38.Qf2 Qa6 39.b5 Qb7 40.Qc2 Nb6 41.Ra2 Rb8 42.Qb3 Kg7 43.Ng5 Nc8 44.Rb2 Ne7
45.Bc5 Nf5+ 46.Kh3 Rc8 47.Qb4 Bb6 48.Bxb6 Qxb6 49.Nf3 Rc4 50.Qb3 Rxf4 51.Qd1 Qe3
52.Rb4 Qf2 53.Kh2 d4 54.Rxd4 Nxd4 55.cxd4 Re4 56.Kh1 Re2 57.Qg1 Qg3 58.b6 Rb2
59.d5 exd5 60.e6 f6 61.e7 Kf7 62.e8=Q+ Kxe8 63.Qe3+ Kd7  0-1

[Event "Open Hradec Kralove 2012"]
[Site "Hradec Kralove CZE"]
[Date "2012.05.13"]
[Round "2"]
[White "Kozusek,Daniel"]
[Black "Meszaros,Lu"]
[Result "0-1"]
[WhiteElo "1889"]
[BlackElo "2152"]

1.e4 g6 2.d4 Bg7 3.Nc3 d6 4.Be3 c6 5.Nf3 Nf6 6.Qd2 Bg4 7.Be2 Nbd7 8.h3 Bxf3
9.Bxf3 O-O 10.O-O-O Qa5 11.Kb1 Rfc8 12.Bg4 b5 13.Bxd7 Nxd7 14.h4 b4 15.Ne2 c5
16.h5 c4 17.c3 Rab8 18.hxg6 fxg6 19.Rh3 Rb6 20.cxb4 Rxb4 21.Bh6 Rcb8 22.Bxg7 Rxb2+
23.Qxb2 Rxb2+ 24.Kxb2 Kxg7 25.Nc3 Nb6 26.g4 Qg5 27.f3 a5 28.Kc2 Qe3 29.Rd2 e6
30.Rdh2 Qd3+ 31.Kb2 Qxd4 32.Rxh7+ Kf6 33.Kc2 Qd3+ 34.Kb2 a4 35.a3 d5 36.Re2 Qxf3
37.exd5 exd5 38.Rhh2 Kg7 39.g5 d4 40.Nb5 Qb3+ 41.Kc1 Qxb5 42.Re7+ Kf8 43.Rb7 Qxg5+
44.Kd1 Qg1+  0-1

[Event "71st ch-GEO 2012"]
[Site "Tbilisi GEO"]
[Date "2012.05.13"]
[Round "1"]
[White "Paichadze,L"]
[Black "Zarkua,D"]
[Result "1/2-1/2"]
[WhiteElo "2480"]
[BlackElo "2446"]

1.e4 g6 2.d4 Bg7 3.Nc3 d6 4.Be2 Nf6 5.g4 d5 6.e5 Ne4 7.Nxe4 dxe4 8.Be3 c5
9.c3 cxd4 10.Qxd4 Qxd4 11.cxd4 Nc6 12.f3 exf3 13.Bxf3 Nb4 14.Kd2 Be6 15.Bxb7 Rb8
16.Bf3  1/2-1/2

[Event "Open Hradec Kralove 2012"]
[Site "Hradec Kralove CZE"]
[Date "2012.05.14"]
[Round "3"]
[White "Pulpan,J"]
[Black "Larsen,Pet"]
[Result "1/2-1/2"]
[WhiteElo "2058"]
[BlackElo "2232"]

1.e4 g6 2.d4 Bg7 3.Nc3 d6 4.Nf3 a6 5.Be3 b5 6.Bd3 Nd7 7.Qd2 c5 8.g4 cxd4
9.Bxd4 Bxd4 10.Nxd4 Ne5 11.h3 Qb6 12.O-O-O Bb7 13.f4 Nxd3+ 14.Qxd3 Nf6 15.Rhe1 O-O-O
16.g5 Nh5 17.Nd5 Bxd5 18.exd5 Nxf4 19.Qf3 e5 20.dxe6 Nxe6 21.Nxe6 fxe6 22.Rxe6 Rhe8
23.Rxe8 Rxe8 24.Kb1 Qb7 25.Qg4+ Qd7 26.Qd4 Qc6 27.b3 Rd8 28.Rd3 Kb8 29.Qf6 Qd7
30.Kb2 Qc7 31.Rc3 Qd7 32.h4 Rc8 33.Rd3 Rd8 34.Re3 Qc7 35.Re7 Rd7 36.Re8+ Kb7
37.Rh8 Qc5 38.Qf8 Rc7 39.Qb8+ Kc6 40.Rc8 Qd4+ 41.c3 Qf2+ 42.Ka1 Qe1+ 43.Kb2 Qd2+  1/2-1/2

[Event "71st ch-GEO 2012"]
[Site "Tbilisi GEO"]
[Date "2012.05.14"]
[Round "3"]
[White "Shanava,K"]
[Black "Zarkua,D"]
[Result "0-1"]
[WhiteElo "2589"]
[BlackElo "2446"]

1.e4 g6 2.d4 Bg7 3.Nc3 d6 4.f4 Nf6 5.Nf3 O-O 6.Bd3 Nc6 7.e5 dxe5 8.dxe5 Nd5
9.Nxd5 Qxd5 10.Qe2 Bg4 11.c3 Bxf3 12.gxf3 e6 13.Be4 Qd8 14.h4 h5 15.Be3 Bh6
16.b4 Qc8 17.Rg1 Ne7 18.Rd1 Re8 19.Qc4 c6 20.Bc5 Kh8 21.Qd3 Nd5 22.c4 Nxf4
23.Qd7 Kg8 24.Qxc8 Rexc8 25.Be7 Bg7 26.Bd6 Rd8 27.b5 cxb5 28.c5 Rd7 29.c6 bxc6
30.Bxc6 Rad8 31.Bxd7 Rxd7 32.Rh1 a5 33.Rh2 b4 34.Rc2 Nd5 35.Rc8+ Kh7 36.Ra8 Rb7
37.Rd3 Rb5 38.Ra7 g5 39.Rxf7 Kg6 40.Ra7 gxh4 41.Kf1 Bh6 42.Ra8 h3 43.Kg1 Nf4
44.Rd1 b3 45.axb3 Rxb3 46.Rxa5 Rb2 47.Re1 Rg2+ 48.Kh1 Nd3 49.Rf1 Nf2+ 50.Rxf2 Rxf2
51.Bc5 Rf1+ 52.Kh2 Rxf3 53.Ra1 Bf4+ 54.Kh1 Bxe5 55.Re1 Kf5 56.Bg1 Bf4 57.Rf1 Rg3
58.Bh2 h4 59.Bg1 e5 60.Bb6 Rb3 61.Bc5 Kg4 62.Re1 Bg3 63.Rd1 e4 64.Bg1 Rb2
65.Rb1 Re2 66.Ra1 Bf2 67.Bh2 Rc2 68.Bd6 e3 69.Ra4+ Kf5 70.Ra1 Bg3 71.Bb4 Ke4
72.Ba5 Be5 73.Rb1 Bc3 74.Bd8 e2 75.Bxh4 Rd2 76.Re1 Rd1 77.Rg1 Rf1 78.Kh2 Be5+  0-1

[Event "71st ch-GEO 2012"]
[Site "Tbilisi GEO"]
[Date "2012.05.16"]
[Round "4"]
[White "Beradze,I"]
[Black "Shanava,K"]
[Result "0-1"]
[WhiteElo "2298"]
[BlackElo "2589"]

1.e4 g6 2.d4 Bg7 3.Nc3 d6 4.Nf3 c6 5.Be3 Nd7 6.Qd2 b5 7.a3 a6 8.Bd3 Qc7 9.O-O Ngf6
10.h3 O-O 11.Rfe1 e5 12.dxe5 dxe5 13.Rad1 Re8 14.Ne2 Nf8 15.Qc3 N6d7 16.a4 Ne6
17.Ng5 Ndf8 18.Nxe6 Nxe6 19.Ra1 Bd7 20.b4 Bf8 21.axb5 axb5 22.Qb2 Qd6 23.Rxa8 Rxa8
24.Rd1 Be8 25.c3 c5 26.Bc2 Qc7 27.bxc5 Nxc5 28.Bb1 Bc6 29.f3 Na4 30.Qb3 Nb6
31.Kh1 Nc4 32.Bg1 Ra3 33.Qc2 Qa5 34.Kh2 Be7 35.Bf2 Ra1 36.Qb3 Qa4 37.Qc2 Na3
38.Qd3 Qc4  0-1

[Event "21st CRO-Cup"]
[Site "Sibenik CRO"]
[Date "2012.05.17"]
[Round "3.42"]
[White "Galic,I2"]
[Black "Martic,Z"]
[Result "1-0"]
[WhiteElo "2356"]
[BlackElo "2362"]

1.e4 g6 2.d4 d6 3.Nc3 Bg7 4.Bg5 a6 5.Qd2 Nd7 6.f4 c5 7.Nf3 b5 8.O-O-O Qa5
9.Kb1 b4 10.Nd5 Ngf6 11.Bc4 Nxd5 12.Bxd5 Rb8 13.e5 e6 14.exd6 exd5 15.Qe3+ Kf8
16.Rhe1  1-0

[Event "30th Liechtenstein Open 2012"]
[Site "Triesen LIE"]
[Date "2012.05.17"]
[Round "7.14"]
[White "Borsos,B"]
[Black "Melde,C"]
[Result "1-0"]
[WhiteElo "2271"]
[BlackElo "2060"]

1.e4 g6 2.d4 Bg7 3.Nc3 d6 4.g3 b6 5.Bg2 Bb7 6.Nge2 e6 7.d5 e5 8.O-O Ne7 9.f4 Nd7
10.a4 O-O 11.f5 Nf6 12.h3 c6 13.g4 gxf5 14.exf5 Nfxd5 15.Ne4 Nc8 16.f6 Nxf6
17.Bg5 d5 18.Nxf6+ Kh8 19.Qd3 e4 20.Bxe4  1-0

[Event "6th Wunsiedel Open"]
[Site "Wunsiedel GER"]
[Date "2012.05.18"]
[Round "4"]
[White "Klundt,K"]
[Black "Grimberg,B"]
[Result "1/2-1/2"]
[WhiteElo "2365"]
[BlackElo "2363"]

1.e4 g6 2.d4 Bg7 3.Nc3 d6 4.Nf3 Nf6 5.Be2 O-O 6.O-O c6 7.h3 b5 8.e5 dxe5
9.dxe5 Nfd7 10.Bf4 Bb7 11.Re1 Na6 12.Qc1 Nac5 13.Qe3 Ne6 14.Bh6 Qb6 15.Qxb6 Nxb6
16.Bxg7 Kxg7 17.Bd3 a6 18.a4 Nc5 19.a5 Nba4 20.Nxa4 Nxa4 21.Rab1 Rfd8 22.Re3 c5
23.Be2 c4 24.b3 cxb3 25.cxb3 Nc5 26.Rc1 Ne6 27.g3 Rac8  1/2-1/2

[Event "6th Wunsiedel Open"]
[Site "Wunsiedel GER"]
[Date "2012.05.19"]
[Round "5"]
[White "Goebel,C"]
[Black "Reichmann,H"]
[Result "1-0"]
[WhiteElo "2239"]
[BlackElo "2370"]

1.e4 d6 2.d4 g6 3.Nc3 Bg7 4.Nf3 a6 5.a4 Nf6 6.h3 O-O 7.Be3 b6 8.Bd3 Bb7 9.Qd2 Nc6
10.Bh6 e5 11.dxe5 dxe5 12.Bxg7 Kxg7 13.Rd1 Qe7 14.O-O Rad8 15.Rfe1 Rfe8 16.Qg5 h6
17.Qc1 Qc5 18.Nd2 Nd4 19.Ne2 Ne6 20.Nc3 Nf4 21.Bf1 N6h5 22.g3 Ne6 23.Bg2 c6
24.Nf1 Rxd1 25.Rxd1 Nd4 26.Kh2 b5 27.axb5 axb5 28.Ne3 Nf6 29.Rd2 Ba6 30.Qd1 Qb4
31.Na2 Qa5 32.Nc1 Ne6 33.Nd3 b4 34.Ne1 Qc5 35.Qa1 Bb5 36.c3 Ng5 37.c4 Nfxe4
38.Bxe4 Nxe4 39.Re2 Bxc4 40.Rc2 Nxf2 41.Qc1 Qa7 42.Rxc4 e4 43.Qd2 Nd3 44.Ng4 g5
45.Rxc6 Nxe1 46.Qxe1 Qd4 47.Qe2 e3 48.Nxh6 Qe4 49.Rc4 Qe6 50.Ng4 f5 51.Rc7+ Kg8
52.Qd3 e2 53.Qd4 Re7 54.Qd8+ Kf7 55.Nh6+ Kf6 56.Ng8+ Kg6 57.Nxe7+  1-0

[Event "TCh-HUN 2011-12"]
[Site "Budapest HUN"]
[Date "2012.05.20"]
[Round "11"]
[White "Csirik,A"]
[Black "Szabo,Zso3"]
[Result "1-0"]
[WhiteElo "2304"]
[BlackElo "2335"]

1.e4 d6 2.d4 g6 3.Nc3 Bg7 4.Be3 c6 5.Qd2 Qc7 6.Bc4 b5 7.Bb3 a5 8.a3 Ba6 9.Nf3 b4
10.axb4 axb4 11.Ne2 Nf6 12.Ng3 O-O 13.Bh6 Nbd7 14.h4 Bb7 15.Rxa8 Rxa8 16.O-O e6
17.Bxg7 Kxg7 18.Qxb4 c5 19.dxc5 Nxc5 20.Re1 Nxb3 21.Qxb3 d5 22.e5 Ne4 23.Ne2 h6
24.Ned4 g5 25.hxg5 hxg5 26.g4 Kg6 27.Kg2 Ba6 28.Rh1 Qe7 29.Qe3 Bb7 30.Nd2 Ra2
31.Qh3  1-0

[Event "50th ch-IND Challengers 2012"]
[Site "Tirupati IND"]
[Date "2012.05.20"]
[Round "4.5"]
[White "Sahoo,U"]
[Black "Arun,Ka"]
[Result "1/2-1/2"]
[WhiteElo "2218"]
[BlackElo "2277"]

1.e4 g6 2.d4 Bg7 3.Nc3 d6 4.Bg5 a6 5.a4 Nf6 6.f4 O-O 7.Nf3 Bg4 8.h3 Bxf3
9.Qxf3 Nc6 10.Rd1 Nd7 11.Qf2 f6 12.Bh4 g5 13.Bg3 gxf4 14.Bh4 e5 15.dxe5 Ndxe5
16.Qxf4 Ng6 17.Bc4+ Kh8 18.Qf2 Nxh4 19.Qxh4 f5 20.Qxd8 Raxd8 21.O-O Bxc3
22.bxc3 fxe4 23.Rfe1 Rf4 24.Bd5 Re8 25.Rb1 Re5 26.Red1 e3 27.Bf3 Nd8 28.Rd4 Rf8
29.Kf1 b6 30.Ke2 Ne6 31.Re4 Rxe4 32.Bxe4 Nc5 33.Bc6 Rf2+ 34.Kxe3 Rxc2 35.Kd4 Rd2+
36.Kc4 d5+ 37.Bxd5 Nxa4 38.Bc6 b5+ 39.Kb4 Rd6 40.Bb7 c5+ 41.Ka5 Nxc3 42.Re1 b4
43.Bxa6 b3 44.Re8+ Kg7 45.Rb8 Rd2  1/2-1/2

[Event "6th Wunsiedel Open"]
[Site "Wunsiedel GER"]
[Date "2012.05.20"]
[Round "7"]
[White "Klundt,K"]
[Black "Reichmann,H"]
[Result "1/2-1/2"]
[WhiteElo "2365"]
[BlackElo "2370"]

1.e4 d6 2.d4 g6 3.Nc3 Bg7 4.Be3 a6 5.Qd2 Nd7 6.f4 b5 7.Nf3 Bb7 8.Bd3 b4 9.Nd1 Ngf6
10.Nf2 c5 11.O-O O-O 12.Rad1  1/2-1/2

[Event "71st ch-GEO 2012"]
[Site "Tbilisi GEO"]
[Date "2012.05.21"]
[Round "8"]
[White "Quparadze,G"]
[Black "Zarkua,D"]
[Result "1-0"]
[WhiteElo "2471"]
[BlackElo "2446"]

1.e4 g6 2.d4 Bg7 3.Nc3 d6 4.f4 Nf6 5.Nf3 O-O 6.Bd3 Nc6 7.e5 dxe5 8.fxe5 Nd5
9.Nxd5 Qxd5 10.c3 b6 11.Qe2 Bb7 12.Ng5 Nd8 13.Be4 Qa5 14.O-O Bxe4 15.Qxe4 c6
16.Qh4 h5 17.Ne4 Qd5 18.Bg5 Re8 19.Rae1 Qd7 20.h3 c5 21.dxc5 Bxe5 22.g4 hxg4
23.hxg4 f6 24.Re3 Ne6 25.Rh3 Ng7 26.Be3 Rf8 27.c6 Qd5 28.Qh7+ Kf7 29.Ng5+ Ke8
30.Qxg7 Qg8 31.Qxg8 Rxg8 32.Nf3 Bd6 33.Rh7 Rc8 34.Nd4 Be5 35.Re1 f5 36.Bg5  1-0

[Event "50th ch-IND Challengers 2012"]
[Site "Tirupati IND"]
[Date "2012.05.21"]
[Round "5.5"]
[White "Sharma,Di"]
[Black "Arun,Ka"]
[Result "1/2-1/2"]
[WhiteElo "2362"]
[BlackElo "2277"]

1.e4 g6 2.d4 Bg7 3.Nc3 d6 4.Bg5 a6 5.Qd2 b5 6.a4 b4 7.Nd1 Nf6 8.f3 a5 9.c3 bxc3
10.bxc3 Nbd7 11.Bb5 O-O 12.Ne2 c5 13.O-O Ba6 14.Bxa6 Rxa6 15.Ne3 Qc7 16.Rfb1 Rb8
17.Rxb8+ Qxb8 18.Qd3 Ra7 19.Nc4 d5 20.exd5 Nxd5 21.dxc5 e6 22.c6 Ne5 23.Rb1 Qc7
24.Nxe5 Bxe5 25.Nd4 Bxh2+ 26.Kf1 Qe5 27.Bd2 Qh5 28.Nb5 Ra8 29.Qe4 Bg3 30.Ke2 Qh2
31.f4 Nxf4+ 32.Bxf4 Bxf4 33.Rd1 Qh5+ 34.Qf3 Qe5+ 35.Kf1 Rc8 36.Rd7 Qf5 37.c7 Kg7
38.Rd8 Qb1+ 39.Rd1 Qf5 40.g4 Qf6 41.Rd8 Rxc7 42.Nxc7 Qxd8 43.Qxf4 Qd3+ 44.Kf2 Qc2+
45.Kf1 Qd3+ 46.Kf2 Qc2+ 47.Kf1  1/2-1/2

[Event "4th Limpedea Cup"]
[Site "Baia Sprie ROU"]
[Date "2012.05.23"]
[Round "4.3"]
[White "Nanu,C"]
[Black "Nevednichy,V"]
[Result "1-0"]
[WhiteElo "2520"]
[BlackElo "2553"]

1.d4 g6 2.e4 Bg7 3.Nc3 d6 4.Be3 a6 5.Qd2 b5 6.O-O-O Bb7 7.f3 Nd7 8.h4 h6
9.h5 g5 10.Nge2 Nb6 11.Ng3 e6 12.a3 Ne7 13.Qf2 f5 14.f4 O-O 15.Qd2 g4 16.d5 exd5
17.Bxb6 cxb6 18.Nxf5 Nxf5 19.exf5 Rxf5 20.Bd3 Bxc3 21.Qxc3 Rxf4 22.g3 Rf3
23.Qd4 Qg5+ 24.Kb1 Bc8 25.Qxb6 Be6 26.Qb7 Re8 27.Qh7+ Kf8 28.Bg6 Bg8 29.Qd7 Rd8
30.Qb7 Rxg3 31.Qxa6 Re3 32.Rhf1+ Kg7 33.Qa7+ Re7 34.Qd4+ Re5 35.Rf5 Qe3 36.Qxg4 Kh8
37.Rff1 Qg5 38.Qb4 Qe7 39.Qxb5 Qc7 40.Qa4 Rb8 41.Qf4 Qg7 42.Qf6 Re7 43.Qxg7+ Kxg7
44.Rd4 Ra8 45.a4 Raa7 46.b3 Re5 47.Kb2 Be6 48.Rdf4 Rg5 49.Rf8 d4 50.Rd8 d5
51.Rd1 Rg4 52.Rd6 Bg8 53.Ka3 Rh4 54.Rg1  1-0

[Event "71st ch-GEO 2012"]
[Site "Tbilisi GEO"]
[Date "2012.05.23"]
[Round "10"]
[White "Javakhadze,Z"]
[Black "Zarkua,D"]
[Result "0-1"]
[WhiteElo "2418"]
[BlackElo "2446"]

1.e4 g6 2.d4 Bg7 3.Nc3 d6 4.Nf3 Nf6 5.Be2 O-O 6.O-O c6 7.a4 a5 8.h3 Na6 9.Be3 Qc7
10.Qd2 Nb4 11.Rad1 Rd8 12.Rfe1 Bd7 13.Bf1 Be8 14.Bf4 Nh5 15.Bh2 e5 16.Qc1 exd4
17.Nxd4 Qb6 18.Nb3 Be5 19.Bxe5 dxe5 20.Rxd8 Rxd8 21.Rd1 Nf4 22.Nd2 Qc7 23.Nc4 Rd4
24.Ne3 h5 25.g3 Ne6 26.Bc4 Qe7 27.Ne2 Rxe4 28.f3 Rxc4 29.Nxc4 Qc5+ 30.Ne3 Nd4
31.Nxd4 exd4 32.Nf1 Na2 33.Qf4 d3+ 34.Qe3 dxc2  0-1

[Event "Salento Open 2012"]
[Site "Gallipoli ITA"]
[Date "2012.05.24"]
[Round "7"]
[White "Sprotte,N"]
[Black "Ottaviani,G"]
[Result "1/2-1/2"]
[WhiteElo "2180"]
[BlackElo "1949"]

1.d4 g6 2.e4 Bg7 3.Nc3 d6 4.Bg5 Nf6 5.e5 dxe5 6.dxe5 Ng4 7.Qxd8+ Kxd8 8.Rd1+ Bd7
9.e6 fxe6 10.Bc4 Ke8 11.Nf3 Nc6 12.O-O Nge5 13.Nxe5 Nxe5 14.Be2 Nf7 15.Be3 Nd6
16.Rfe1 Bc6 17.Bd4 e5 18.Bc5 b6 19.Ba3 e4 20.Nd5 Bxd5 21.Rxd5 c6 22.Rdd1 c5
23.Rd5 Rf8 24.c3 Rf5 25.Red1 Rxd5 26.Rxd5 Rd8 27.Kf1 e6 28.Rd1 Ke7 29.b4 Nb7
30.Rxd8 Kxd8 31.bxc5 Nxc5 32.Bxc5  1/2-1/2

[Event "50th ch-IND Challengers 2012"]
[Site "Tirupati IND"]
[Date "2012.05.24"]
[Round "9.12"]
[White "Ramnath,B"]
[Black "Koshy,V"]
[Result "1/2-1/2"]
[WhiteElo "2355"]
[BlackElo "2260"]

1.e4 d6 2.d4 g6 3.Nc3 Bg7 4.f4 Nc6 5.d5 Nd4 6.Be3 c5 7.dxc6 Nxc6 8.Nf3 Nf6
9.Bd3 O-O 10.h3 d5 11.e5 d4 12.Nxd4 Nxd4 13.exf6 Bxf6 14.O-O Bg7 15.Qe1 Bf5
16.Rd1 Qa5 17.Ne4 Qxe1 18.Rfxe1 Rad8 19.Kf2 h5 20.c3 Nc6 21.Nc5 Bxd3 22.Rxd3 Rxd3
23.Nxd3 Rd8 24.Ke2 Kf8 25.Rc1 b6  1/2-1/2

[Event "29th BSG Pinkster Open"]
[Site "Bussum NED"]
[Date "2012.05.25"]
[Round "1.3"]
[White "Krishnasing,Ashley"]
[Black "Klein,Da"]
[Result "0-1"]
[WhiteElo "2010"]
[BlackElo "2438"]

1.e4 g6 2.d4 Bg7 3.Nc3 d6 4.Bg5 a6 5.Qd2 b5 6.O-O-O Bb7 7.h4 h5 8.f3 Nd7
9.Nge2 Ngf6 10.Nf4 Nh7 11.g4 hxg4 12.Bg2 gxf3 13.Bxf3 Nxg5 14.hxg5 Rxh1 15.Rxh1 e5  0-1

[Event "50th ch-IND Challengers 2012"]
[Site "Tirupati IND"]
[Date "2012.05.25"]
[Round "10.21"]
[White "Abhishek,K"]
[Black "Arun,Ka"]
[Result "0-1"]
[WhiteElo "2134"]
[BlackElo "2277"]

1.e4 g6 2.d4 Bg7 3.Nc3 d6 4.f4 a6 5.Nf3 b5 6.Bd3 Nd7 7.O-O c5 8.a4 cxd4 9.Ne2 bxa4
10.Nfxd4 Ngf6 11.c3 e5 12.Nc2 O-O 13.f5 Nc5 14.fxg6 fxg6 15.Be3 Qc7 16.Ng3 Be6
17.Nb4 Nxd3 18.Nxd3 Ng4 19.Qe2 Qc4 20.Rfd1 Rab8 21.h3 Nxe3 22.Qxe3 a5 23.Nf1 Bf6
24.Nd2 Qc6 25.Nf3 Bb3 26.Rd2 Bd8 27.Kh2 Bb6 28.Qh6 Qxe4 29.Qxh7+ Kxh7 30.Ng5+ Kh6
31.Nxe4 d5 32.Nec5 e4 33.Nxb3 axb3 34.Nc1 Rf5 35.g4 Bc7+ 36.Kg2 Rf3 37.Ne2 Rbf8
38.Ng1 Rg3+ 39.Kh1 e3  0-1

[Event "50th ch-IND Challengers 2012"]
[Site "Tirupati IND"]
[Date "2012.05.26"]
[Round "11.17"]
[White "Girinath,P"]
[Black "Koshy,V"]
[Result "1/2-1/2"]
[WhiteElo "2343"]
[BlackElo "2260"]

1.e4 d6 2.d4 g6 3.Nc3 Bg7 4.Be3 c6 5.Qd2 Nd7 6.h4 h5 7.Nh3 b5 8.Ng5 Nb6 9.b3 Nf6
10.f3 Qc7 11.Rc1 O-O 12.Nd1 e5 13.dxe5 dxe5 14.c4 bxc4 15.bxc4 a5 16.c5 Nbd7
17.Nb2 Ba6 18.Bxa6 Rxa6 19.Nc4 Nh7 20.O-O Rd8 21.Qe2 Nxg5 22.Bxg5 Rda8 23.Be7 Bf8
24.Bd6 Qa7 25.Qf2 a4 26.Rfd1 Re8 27.Rb1 Nxc5  1/2-1/2

[Event "6th ENCI Limburg Open 2012"]
[Site "Limburg NED"]
[Date "2012.05.27"]
[Round "5.1"]
[White "Bok,B"]
[Black "Solodovnichenko,Y"]
[Result "0-1"]
[WhiteElo "2511"]
[BlackElo "2570"]

1.e4 g6 2.d4 d6 3.Nc3 Bg7 4.h3 Nf6 5.Nf3 O-O 6.Be3 b6 7.Qd2 Bb7 8.Bd3 Nbd7
9.Bh6 Bxh6 10.Qxh6 e5 11.O-O-O Qe7 12.Rhe1 Rfe8 13.dxe5 Nxe5 14.Nxe5 dxe5
15.f3 Rad8 16.g4 c6 17.h4 Nd7 18.Rh1 Nc5 19.Qe3 Bc8 20.h5 Ne6 21.hxg6 hxg6
22.Kb1 Qg5 23.Qf2 Kg7 24.Bc4 Rh8 25.Ne2 Rxd1+ 26.Rxd1 Rh3 27.b3 c5 28.Bxe6 Bxe6
29.f4 Qh4 30.Qxh4 Rxh4 31.f5 Bc8 32.Rd8 Bb7 33.g5 gxf5 34.exf5 Bf3 35.Nc3 Rh5
36.f6+ Kg6 37.Rg8+ Kf5 38.Nb5 Rxg5 39.Nd6+ Kxf6 40.Ne8+ Kf5 41.Nd6+ Kf4 42.Rxg5 Kxg5
43.Nxf7+ Kf4 44.Kc1 e4 45.Kd2 e3+ 46.Ke1 Be4 47.Kd1 Bg6 48.Nd6 Kf3 49.Ke1 Bxc2
50.Nc8 Bf5 51.Nxa7 Bd7 52.a4 Ke4  0-1

[Event "Albena Masters Open 2012"]
[Site "Albena BUL"]
[Date "2012.05.29"]
[Round "4.29"]
[White "Zhang Xiaowen"]
[Black "Andrenko,I"]
[Result "1-0"]
[WhiteElo "2385"]
[BlackElo "2226"]

1.e4 g6 2.d4 Bg7 3.Nc3 d6 4.f4 a6 5.Nf3 b5 6.Bd3 Nd7 7.e5 c5 8.Be4 Rb8 9.O-O cxd4
10.Nxd4 dxe5 11.Nc6 Qb6+ 12.Kh1 Ngf6 13.Nxb8 Qxb8 14.Bd3 O-O 15.Qe2 Bb7 16.Ne4 Qa8
17.Nxf6+ exf6 18.c3 Nc5 19.Bc2 exf4 20.Bxf4 Re8 21.Qf2 Ne4 22.Bxe4 Bxe4 23.Rad1 f5
24.Rd7 h6 25.Kg1 g5 26.Be3 Qc6 27.Rfd1 f4 28.Bc5 Be5 29.Rd8 Kh7 30.Rxe8 Qxe8
31.Bd4 Bc7 32.Qe2 f5 33.a4 g4 34.axb5 axb5 35.Ra1 f3 36.Qf2 g3 37.hxg3 fxg2
38.g4 Qb8 39.Qh4 Bd8 40.Qh5 Qc7 41.Ra6  1-0

[Event "1st Euro 2012 Open"]
[Site "Lviv UKR"]
[Date "2012.05.29"]
[Round "2"]
[White "Guivan,V"]
[Black "Firman,N"]
[Result "0-1"]
[WhiteElo "2146"]
[BlackElo "2563"]

1.e4 g6 2.d4 Bg7 3.Nc3 d6 4.Be3 a6 5.h4 h5 6.Nf3 Nf6 7.Be2 Ng4 8.Bf4 b5 9.a3 O-O
10.Nh2 Nxh2 11.Rxh2 Nc6 12.g4 hxg4 13.Bxg4 Nxd4 14.Bxc8 Rxc8 15.h5 e5 16.Be3 c6
17.Bxd4 exd4 18.Ne2 Re8 19.Qd2 Rxe4 20.O-O-O Qb6 21.Ng3 Re6 22.h6 Bf8 23.h7+ Kh8
24.Qxd4+ Qxd4 25.Rxd4 Rce8 26.Rg4 Re1+ 27.Kd2 Rb1 28.f4 Ree1 29.Re2 Rxe2+
30.Nxe2 Rh1 31.f5 Kg7 32.fxg6 fxg6  0-1

[Event "Albena Masters Open 2012"]
[Site "Albena BUL"]
[Date "2012.05.31"]
[Round "6.28"]
[White "Ji Dan"]
[Black "Andrenko,I"]
[Result "1/2-1/2"]
[WhiteElo "2326"]
[BlackElo "2226"]

1.e4 g6 2.d4 Bg7 3.Nc3 d6 4.f4 a6 5.Nf3 b5 6.Bd3 Nd7 7.e5 c5 8.Be4 Rb8 9.Be3 Nh6
10.dxc5 dxc5 11.Qd2 b4 12.Na4 Qc7 13.O-O O-O 14.Rfd1 Ng4 15.h3 Nxe3 16.Qxe3 Rb5
17.b3 Bh6 18.c4 Rb8 19.Rd3 f6 20.exf6 Nxf6 21.Ng5 Nxe4 22.Qxe4 Bf5 23.Qd5+ Kh8
24.Rf3 Bg7 25.Re1 Bd4+ 26.Kh1 e5 27.fxe5 Rbd8 28.Ne6 Rxd5 29.Nxc7 Rxe5 30.Rxe5 Bxe5
31.Nxa6 Rd8 32.Rf1 Rd2 33.N4xc5 Bc3 34.g4 Bc8 35.Nc7 h5 36.N7e6 hxg4 37.hxg4 Be5
38.Rf8+ Kh7 39.Ng5+ Kh6 40.Nce6 Rd1+ 41.Kg2 Rd2+ 42.Kf3 Bd7 43.Nf7+ Kh7 44.Nfg5+ Kh6
45.Nf7+ Kh7  1/2-1/2

[Event "1st Euro 2012 Open"]
[Site "Lviv UKR"]
[Date "2012.05.31"]
[Round "5"]
[White "Terletsky,O"]
[Black "Koziak,V"]
[Result "1/2-1/2"]
[WhiteElo "2169"]
[BlackElo "2515"]

1.e4 g6 2.d4 Bg7 3.Nc3 d6 4.f4 Nf6 5.Nf3 O-O 6.Bd3 Nc6 7.e5 dxe5 8.fxe5 Nh5
9.Be2 f6 10.exf6 Bxf6 11.Be3 Ng7 12.Qd2 Nf5 13.O-O-O Nxe3 14.Qxe3 Bg4 15.Ne4 Qd5
16.Nxf6+ exf6 17.Qb3 Qxb3 18.axb3 Rae8 19.Rhe1 Kg7 20.h3 Bxf3 21.Bxf3 Rxe1
22.Rxe1 Nxd4 23.Bxb7 Rf7  1/2-1/2

[Event "Albena Masters Open 2012"]
[Site "Albena BUL"]
[Date "2012.06.01"]
[Round "7.38"]
[White "Iovcov,V"]
[Black "Radulov,I"]
[Result "0-1"]
[WhiteElo "2171"]
[BlackElo "2309"]

1.e4 d6 2.d4 g6 3.Nc3 Bg7 4.Nge2 Nd7 5.h3 a6 6.a4 e6 7.Be3 c5 8.dxc5 dxc5
9.a5 Ne7 10.Nc1 b5 11.axb6 Qxb6 12.Nb3 O-O 13.Bd3 Qc7 14.Qe2 Nc6 15.Nxc5 Nd4
16.Bxd4 Bxd4 17.N5a4 f5 18.exf5 exf5 19.Bc4+ Kh8 20.O-O-O Bg7 21.h4 h5 22.f3 Rb8
23.Bb3 Ne5 24.Rd5 Nc6 25.Rhd1 Qf4+ 26.Kb1 Nd4 27.Qc4 Ne6 28.Qc6 Qxh4 29.Nb6 Nf4
30.Rd6 Bb7 31.Qc7 Ba8 32.Rd7 Rb7 33.Qc5 Rxd7 34.Rxd7 Qf6 35.Ra7 Bc6 36.Rxa6 Be8
37.Qc4 Qd4 38.Qxd4 Bxd4 39.g3 Bxc3 40.bxc3 Ne2 41.Ra7 Nxg3 42.Nd5 g5 43.f4 g4
44.Ne3 h4 45.Bd5 h3 46.Kb2 Ne2 47.Bh1 g3 48.Ra1 Nxf4 49.Rg1 g2 50.Nxg2 hxg2
51.Bxg2 Nxg2 52.Rxg2 f4 53.Rf2 Kg7 54.Kc1 Kg6 55.Kd2 Bb5 56.Rf3 Kf5 57.c4 Bxc4
58.Rc3 Rd8+ 59.Ke1 Rd4 60.Kf2 Kg4  0-1

[Event "Albena Masters Open 2012"]
[Site "Albena BUL"]
[Date "2012.06.01"]
[Round "7.39"]
[White "Steil Antoni,F"]
[Black "Dukaczewski,P"]
[Result "0-1"]
[WhiteElo "2142"]
[BlackElo "2290"]

1.e4 g6 2.d4 Bg7 3.Nc3 d6 4.Be3 a6 5.Qd2 b5 6.Bd3 Nd7 7.Nce2 Bb7 8.Ng3 c5
9.c3 h5 10.h4 e5 11.N1e2 Qb6 12.Bc2 Ne7 13.O-O-O Rd8 14.dxc5 dxc5 15.Qd6 Nc8
16.Qxb6 Ncxb6 17.b3 Rc8 18.Rd2 c4 19.Rhd1 Bc6 20.Kb2 Bf6 21.Rh1 cxb3 22.axb3 O-O
23.f3 a5 24.Nf1 a4 25.Bxb6 Nxb6 26.Ne3 Rfd8 27.Rxd8+ Rxd8 28.g4 Rd2 29.Rh2 Be7
30.Kc1 Rd8 31.gxh5 a3 32.Bb1 Bc5 33.Nd1 Bf8 34.Bc2 Bh6+ 35.Kb1 Rd2 36.hxg6 fxg6
37.Rg2 Kf7  0-1

[Event "Albena Masters Open 2012"]
[Site "Albena BUL"]
[Date "2012.06.02"]
[Round "8.23"]
[White "Nikolova,A"]
[Black "Andrenko,I"]
[Result "1/2-1/2"]
[WhiteElo "2345"]
[BlackElo "2226"]

1.e4 g6 2.d4 Bg7 3.Nc3 d6 4.Be3 c6 5.a4 Nf6 6.h3 O-O 7.Nf3 Nbd7 8.Qd2 e5
9.dxe5 dxe5 10.a5 Qe7 11.Bd3 Rd8 12.Na4 b5 13.axb6 axb6 14.O-O Rb8 15.Qc3 c5
16.b3 Bb7 17.Bg5 h6 18.Bxf6 Qxf6 19.Qe1 Nf8 20.Qe3 Bc6 21.Nc3 Ne6 22.g3 Nd4
23.Nd2 h5 24.Ne2 Qe6 25.Kg2 Nf5 26.Qf3 Nd4 27.Nxd4 exd4 28.Ra7 Rb7 29.Rfa1 Qe7
30.Rxb7 Qxb7 31.g4 hxg4 32.hxg4 b5 33.Qf4 Qe7 34.Rh1 Ra8 35.g5 Qe5 36.Qh4 Qe6
37.Re1 Re8 38.Ra1 Qd7 39.f3 Qb7 40.Rh1 Ra8 41.Kf2 Ra2 42.Qh7+ Kf8 43.Re1 Qe7
44.Qh4 Be5 45.Rh1 Bg7 46.Re1 Be5 47.Rh1 Bg7 48.Qg4 Bd7 49.Qh4  1/2-1/2

[Event "TCh-SUI National A 2012"]
[Site "Switzerland SUI"]
[Date "2012.06.03"]
[Round "4.3"]
[White "Bauer,Ch"]
[Black "Ballmann,M"]
[Result "1-0"]
[WhiteElo "2679"]
[BlackElo "2370"]

1.e4 g6 2.d4 Bg7 3.Nc3 d6 4.Be3 a6 5.Qd2 Nd7 6.h4 h5 7.Nh3 Ngf6 8.f3 b5 9.Ng5 Bb7
10.O-O-O Qc8 11.g3 c5 12.Bh3 cxd4 13.Bxd4 Qc7 14.Bxd7+ Qxd7 15.Qe2 O-O 16.Kb1 Rfe8
17.Rhg1 e5 18.Bc5 Bf8 19.f4 exf4 20.gxf4 Ng4 21.Qd3 Qc6 22.Bd4 Qc4 23.Qf3 f5
24.b3 fxe4 25.Ncxe4 Qc8 26.Rxg4 Rxe4 27.Nxe4 hxg4 28.Qe3 Qf5 29.Ng3 Qf7 30.f5 Kh7
31.Re1 Bf3 32.Qg5 gxf5 33.Nh5 Qg6 34.Nf6+ Kg7 35.Nxg4+ Kf7 36.Nh6+  1-0